| 000 | 00828 a2200229 4500 | ||
|---|---|---|---|
| 999 |
_c25832 _d25832 |
||
| 005 | 20190515152107.0 | ||
| 008 | 090302t xxu||||| |||| 00| 0 eng d | ||
| 010 | _aB-284491 | ||
| 020 |
_a8177080199 _c275.00 |
||
| 020 |
_a9798177080192 _c275.00 |
||
| 035 | _aB-284491,B-213467 | ||
| 037 | _bPansy | ||
| 040 |
_aDPL _bEnglish |
||
| 082 | _aS | ||
| 100 | _aSood, Nina | ||
| 245 |
_aTurbulence and tranquillity / _cby Nina Sood |
||
| 260 |
_aDelhi _bNew Century Publications _c2002 |
||
| 270 |
_a34, Gujranwala Town, Part-2 _bDelhi _e110033 _k7247805, 7138192 _l91-11-7464774 _mindiatax@de12.vsnl.net.in |
||
| 300 |
_a214p. _c22cm. (pbk) |
||
| 942 |
_adpl _cEN _2ddc _hS _mSOO |
||